000 02166nam0a2200349 4500
001 RU\NLR\bibl\1518514
005 20260407230455.0
010 _a978-5-91246-038-8
_9150
021 _aRU
_b2010-31346
_92101
035 _a(NLR Aleph) 001509884
090 _a73754
_c73754
100 _a20100601d2009 |||y0rusy50 ca
101 0 _arus
102 _aRU
105 _ay |||||||||
200 1 _aАктуальные проблемы уголовного и уголовно-исполнительного права
_eматериалы Международной заочной научно-практической конференции, апрель-май 2009
_f[редкол.: к.пед.н. А.П. Полуэктов (отв. ред.) и др.]
210 _aНовокузнецк
_cФГОУ ВПО Кузбасский институт Федеральной службы исполнения наказаний
_d2009
215 _a151 с.
_d21
300 _aВ надзаг.: Федер. гос. образоват. учреждение высш. проф. образования "Кузбас. ин-т Федер. службы исполнения наказаний"
320 _aБиблиогр. в подстроч. примеч.
606 1 _aУголовно-исполнительное право
_jСъезды, совещания и т.п.
_91199214
_3RU\NLR\auth\66485147
606 1 _aУголовное право
_jСъезды, совещания и т.п.
_9962801
_3RU\NLR\auth\6640901
686 _aХ628.4я431
686 _aХ628.1я431
702 1 _aПолуэктов
_bА. П.
_gАнатолий Петрович
_4340
711 1 2 _a"Актуальные проблемы уголовного и уголовно-исполнительного права", международная заочная научно-практическая конференция
_f2009
_eНовокузнецк
_3RU\NLR\AUTH\8810155583
_9806575
801 0 _aRU
_bNLR
_c20100601
_gRCR
801 1 _aRU
_bNLR
_c20100601
942 _cBOOK
980 _aNB
980 _aNBR